000 00661nam a2200229Ia 4500
003 OSt
005 20220926010251.0
006 a|||||r|||| 00| 0
007 ta
008 220923b |||||||| |||| 00| 0 eng d
037 _cGeneral Book
040 _aRTL
_cRTL
_beng
041 _2eng
_aeng
082 _aY:393.2.N8, M1
100 _aSondhi Krishan
_9242860
245 0 _aProblems of communication in developing countries
260 _a New Delhi
_bVision Books
_c1981
300 _axviii, 272p
_ccm.
650 _aSocial Communication
_9230136
942 _hY:393.2.N8, M1
_cGB
_2CC
999 _c616858
_d616858